Statistics for 25 Countries with the lowest Gini score(richest to the poorest income ratio)

Click here to take the quiz!

General Stats

  • This quiz has been taken 96 times
    (95 since last reset)
  • The average score is 14 of 25

Answer Stats

%Country% Correct
25.9Norway
91%
27.3Sweden
90%
29.1Denmark
89%
27.1Finland
86%
30.1Germany
82%
26.9Iceland
79%
27.6Belgium
76%
28.0Netherlands
76%
30.5Austria
69%
25.6Slovenia
66%
26.1Slovakia
62%
30.6Hungary
59%
27.3Romania
59%
26.1Czech Republic
57%
29.7Serbia
48%
29.0Albania
41%
24.6Ukraine
40%
26.0Belarus
36%
28.5Moldova
36%
30.8Cambodia/Egypt/São Tomé and Príncipe/Tajikistan
28%
26.4Kazakhstan
21%
29.5Iraq
18%
29.6Pakistan
18%
27.4Kyrgyzstan
16%
27.8Afghanistan
14%

Score Distribution

Percentile by Number Answered

Percent of People with Each Score

Your Score History

You have not taken this quiz since the last reset